000 01187cad a22002175a 4500
001 L157019
008 120814s2012 xxk 000 0 eng d
035 _a(Sirsi) u157019
041 0 _aeng
110 2 _aEC Harris
_94930
245 0 0 _aMarket view UK summer 2012
_bUK's double dip further hits construction confidence - tender prices continue to suffer
_h[electronic resource]
260 _aLondon
_bEC Harris
_c2012
490 0 _aEC Harris Research Market View UK
_vSummer 2012
520 _aThe latest output figures show that construction slowed by 4.8% in the 1st quarter of the year and with the UK economy now in a double dip recession, the future for the construction sector continues to look poor. Whilst the level of construction activity rose by 2.7% during 2011, the 1st quarter 2012 figure is down 4.8% on the previous quarter and is the worst figure since the 1st quarter of 2010.
590 _aKA NTK
651 4 _aUnited Kingdom
_y
690 _aConstruction management
_96230
690 _aCost management
_96233
856 4 0 _uhttps://www.echarris.com/pdf/8317_Market%20View%20Summer%202012_FINAL.pdf
_zView the item free of charge at www.echarris.com
942 _n0
999 _c114542
_d114542